| 000 | 00770nam a2200253 a 4500 | ||
|---|---|---|---|
| 001 | 45630 | ||
| 003 | BD-RjUL | ||
| 005 | 20211209054039.0 | ||
| 008 | 16-727s1936 ua b 001 0 eng | ||
| 035 | _a(BD-RjUL)45748 | ||
| 040 |
_aDLC _cCCC _dDLC _beng |
||
| 041 | _aeng | ||
| 082 |
_a370.962 _223 _bBOS 1936 |
||
| 100 | 1 |
_aBoktor, Amir, _d1896- _9139678 |
|
| 245 | 1 | 0 |
_aSchool and society in the valley of the Nile / _cby Amir Boktor. |
| 260 |
_aCairo : _bElias' Modern Press, _cc1936. |
||
| 300 |
_axv, [1], 269 P. : _bill. ; _c25 cm. |
||
| 500 | _aVita. | ||
| 502 | _aThesis (Ph. D.)--Columbia University, 1936. | ||
| 504 | _aIncludes index and Bibliography: p. [245]-256. | ||
| 650 | 0 |
_aEducation _zEgypt. _9139679 |
|
| 651 | 0 |
_aEgypt. _9139680 |
|
| 942 |
_2ddc _cBK |
||
| 999 |
_c45630 _d45630 |
||